| 000 | 00730nam a2200265 i 4500 | ||
|---|---|---|---|
| 001 | 147216 | ||
| 003 | ES-MaACL | ||
| 005 | 20231030183226.0 | ||
| 007 | t| | ||
| 008 | 070924s1977 sp ||||1| spa d | ||
| 080 | _a141.141 | ||
| 080 | _a29 | ||
| 080 | _a930.85 | ||
| 100 | 1 |
_aTylor, Edward B. _9111807 |
|
| 245 | 1 | 0 |
_aCultura primitiva / _cEdward B. Tylor ; [traducción de Marcial Suárez]. |
| 260 |
_a[Madrid] : _bAyuso, _c[1977] |
||
| 300 |
_a1 v. ; _c21 cm. |
||
| 490 | 1 | _aAntropología | |
| 500 | _aEs el v.I. | ||
| 650 | 1 | 4 |
_aCivilización- _xHistoria _911082 |
| 650 | 4 |
_aMitología. _915092 |
|
| 830 | 0 |
_aAntropología _9182635 |
|
| 852 |
_aES-MaACL _jA-6728 _bR.95710 |
||
| 999 |
_c147216 _d147216 |
||